It looks like you're offline.
Open Library logo
additional options menu

MARC record from Internet Archive

LEADER: 01385cam 2200409Ia 4500
001 ocm52222453
003 OCoLC
005 20170201151748.0
008 030512s2003 nyu 000 1 eng d
040 $aKRL$beng$cKRL$dJED$dOCLCQ$dBAKER$dOCLCF$dOCL$dOCLCO$dOCLCQ
020 $a0373196652
020 $a9780373196654
035 $a(OCoLC)52222453
043 $an-us-or
082 4 $a813/.6
100 1 $aManley, Lissa.
245 14 $aThe bachelor chronicles /$cLissa Manley.
260 $aNew York :$bSilhouette Books,$c©2003.
300 $a187 pages ;$c17 cm.
336 $atext$btxt$2rdacontent
337 $aunmediated$bn$2rdamedia
338 $avolume$bnc$2rdacarrier
490 1 $aSilhouette romance ;$v1665
650 0 $aWomen journalists$vFiction.
650 0 $aBachelors$vFiction.
650 0 $aSingle fathers$vFiction.
651 0 $aPortland (Or.)$vFiction.
650 7 $aBachelors.$2fast$0(OCoLC)fst00825039
650 7 $aSingle fathers.$2fast$0(OCoLC)fst01119359
650 7 $aWomen journalists.$2fast$0(OCoLC)fst01178072
651 7 $aOregon$zPortland.$2fast$0(OCoLC)fst01204325
655 7 $aFiction.$2fast$0(OCoLC)fst01423787
655 7 $aLove stories.$2gsafd
830 0 $aSilhouette romance ;$v1665.
938 $aBaker & Taylor$bBKTY$c3.99$d.00$i0373196652$n0004125027$sactive
994 $aZ0$bPMR
948 $hNO HOLDINGS IN PMR - 36 OTHER HOLDINGS